Report of the Labor Force Survey Whole Kingdom February 1995

Salvato in:
Dettagli Bibliografici
Natura: Libro
Lingua:inglese
thailandese
Pubblicazione: Bangkok National Statistical Office 1995
Edizione:1. ed.
Soggetti:
Tags: Aggiungi Tag
Nessun Tag, puoi essere il primo ad aggiungerne!!

MARC

LEADER 00000nam a2200000 4500
001 c018859
005 20221205133507.9
041 0 |a eng 
041 0 |a tha 
044 |a TH 
245 1 0 |a Report of the Labor Force Survey Whole Kingdom  |b February 1995 
250 |a 1. ed. 
264 1 |a Bangkok  |b National Statistical Office  |c 1995 
300 |a 371 s. 
610 2 0 |a štatistika 
610 2 0 |a štatistika síl pracovných 
610 2 0 |a sily pracovné 
610 2 0 |a rozmiestenie síl pracovných 
610 2 0 |a ukazovatele štatistické 
610 2 0 |a Thajsko